Statistics for I'm In Love - Ola - All Lyrics

Click here to take the quiz!

General Stats

  • This quiz has been taken 2 times
  • The average score is 211 of 318

Answer Stats

Answer% Correct
a
100%
and
100%
And
100%
But
100%
do?
100%
do?)
100%
I,
100%
I
100%
I'm
100%
in
100%
love
100%
love,
100%
me
100%
my
100%
of
100%
(Oh,
100%
on
100%
or
100%
the
100%
to
100%
want
100%
when
100%
whoa
100%
Why?
100%
Yeah,
100%
you
100%
all
50%
day
50%
down,
50%
girl
50%
gonna
50%
her
50%
never
50%
no
50%
no,
50%
No,
50%
not
50%
not,
50%
say,
50%
say?
50%
She
50%
she
50%
Somebody
50%
this
50%
up,
50%
up
50%
was
50%
What
50%
Whatcha
50%
(Whatcha
50%
wish
50%
Wish
50%
back
0%
before
0%
calls
0%
'cause
0%
'Cause
0%
Check
0%
cupid
0%
curb
0%
deep
0%
excuse
0%
fall
0%
game
0%
game)
0%
had
0%
have
0%
heart
0%
inside
0%
it
0%
it's
0%
junkie
0%
little
0%
lose
0%
meant
0%
messed
0%
Monday
0%
name
0%
out,
0%
piece
0%
pulls
0%
pulse,
0%
really
0%
Rewind
0%
Shut
0%
Stole
0%
stupid
0%
sucker
0%
Tuesday
0%
Turned
0%
upside
0%
Wake
0%
wanted
0%
Wednesday
0%

Score Distribution

Percentile by Number Answered

Percent of People with Each Score

Your Score History

You have not taken this quiz